000 00321nam a22001337a 4500
008 180215b xxu||||| |||| 00| 0 eng d
020 _a9780070316065
041 _aeng
080 _a004
100 _a36
101 _ashk
245 _aparallel processing for super bomputers artificial
_ckai.h
942 _2udc
_cBK
999 _c42678
_d42678